书目信息 |
| 题名: |
365日
|
|
| 作者: | 渡边有子 著 ;吴菲 译 | |
| 分册: | ||
| 出版信息: | 南昌 江西人民出版社 2016 |
|
| 页数: | 367页 | |
| 开本: | 19cm | |
| 丛书名: | ||
| 单 册: | ||
| 中图分类: | I313.65 | |
| 科图分类: | ||
| 主题词: | 随笔--作品集--日本--现代 | |
| 电子资源: | ||
| ISBN: | 978-7-210-08916-2 | |
| 000 | 00790nam0 22002411 450 | |
| 001 | 1754472434 | |
| 005 | 20170516112211.0 | |
| 010 | @a978-7-210-08916-2@dCNY68.00 | |
| 100 | @a20170215d2016 em y0chiy50 ea | |
| 101 | 1 | @achi@cjpn |
| 102 | @aCN@b360000 | |
| 105 | @aa z 000cy | |
| 106 | @ar | |
| 200 | 1 | @a365日@9365 Ri@e永恒如新的日常@f(日)渡边有子著@g吴菲译 |
| 210 | @a南昌@c江西人民出版社@d2016 | |
| 215 | @a367页@c图,照片@d19cm | |
| 330 | @a本书以一天一张照片、一则散文的形式,记录了作者渡边有子在这并不特别的一年中每天的生活日常。 | |
| 517 | 1 | @a永恒如新的日常@9Yong Heng Ru Xin De Ri Chang |
| 606 | 0 | @a随笔@x作品集@y日本@z现代 |
| 690 | @aI313.65@v5 | |
| 701 | 0 | @c(日)@a渡边有子@9Du Bian You Zi@c(女)@4著 |
| 702 | 0 | @a吴菲@AWu Fei@4译 |
| 905 | @b1005120-5@dG444@e276@f6 | |
| 365日:永恒如新的日常/(日)渡边有子著/吴菲译.-南昌:江西人民出版社,2016 |
| 367页:图,照片;19cm |
| ISBN 978-7-210-08916-2:CNY68.00 |
| 本书以一天一张照片、一则散文的形式,记录了作者渡边有子在这并不特别的一年中每天的生活日常。 |
| ● |
| 相关链接 |
|
|
|
|
正题名:365日
索取号:G444/276
 
预约/预借
| 序号 | 登录号 | 条形码 | 馆藏地/架位号 | 状态 | 备注 |
| 1 | 1005120 | 210051209 | 第一样本阅览室/ [索取号:G444/276] | 在馆 | |
| 2 | 1005121 | 210051218 | 第四借阅区/ [索取号:G444/276] | 在馆 | |
| 3 | 1005122 | 210051227 | 教育系资料室/ [索取号:G444/276] | 在馆 | |
| 4 | 1005123 | 210051236 | 教育系资料室/ [索取号:G444/276] | 在馆 | |
| 5 | 1005124 | 210051245 | 第四借阅区/ [索取号:G444/276] | 在馆 | |
| 6 | 1005125 | 210051254 | 第四借阅区/ [索取号:G444/276] | 在馆 |